Modely vývoja kreatívneho priemyslu v podmienkach Slovenskej republiky

Gespeichert in:
Bibliographische Detailangaben
1. Verfasser: Kmety Barteková, Mária, 1992-
Format: Buchkapitel
Sprache:Slowakisch
Tags: Tag hinzufügen
Keine Tags, Fügen Sie das erste Tag hinzu!

MARC

LEADER 00000naa$a2200000$$$4500
001 0271524
005 20240502074257.9
041 0 |a slo 
044 |a SK 
245 1 0 |a Modely vývoja kreatívneho priemyslu v podmienkach Slovenskej republiky  |c Mária Kmety Barteková 
100 1 |a Kmety Barteková, Mária, 1992-